00398nam a2200181Ia 4500003000900000008004100009040001300050040001300063041000800076100001900084245004400103250001200147260002100159260000900180300001100189300001000200490000600210IT-RoPAU120407s9999 xx 000 0 und d aIT-RoPAU cIT-RoPAU aita aBenhard Haring aPreghiera. Integrazione tra fede e vita aCatania aEdizioni Paoline c1974 a117 p. c18 cm v1